ՀՀ Գիտությունների ազգային ակադեմիայի հիմնարար գիտական գրադարան  =   Fundamental Scientific Library of NAS RA

Письма из Сибири / (Record no. 238433)

MARC details
000 -LEADER
fixed length control field 01045nam a2200241 u 4500
001 - CONTROL NUMBER
control field 000587154
003 - CONTROL NUMBER IDENTIFIER
control field AM-YeHGA
005 - DATE AND TIME OF LATEST TRANSACTION
control field 20250617141425.0
008 - FIXED-LENGTH DATA ELEMENTS--GENERAL INFORMATION
fixed length control field 080623s1987 ||| r 000 0 rus d
040 ## - CATALOGING SOURCE
Original cataloging agency AM-YeHGA
041 0# - LANGUAGE CODE
Language code of text/sound track or separate title rus
090 ## - LOCALLY ASSIGNED LC-TYPE CALL NUMBER (OCLC); LOCAL CALL NUMBER (RLIN)
-- 240005
245 10 - TITLE STATEMENT
Title Письма из Сибири /
Statement of responsibility, etc. М.С. Лунин; Изд. подгот. И.А. Желвакова, Н.Я. Эйдельман; АН СССР.
260 ## - PUBLICATION, DISTRIBUTION, ETC.
Place of publication, distribution, etc. Москва :
Name of publisher, distributor, etc. Наука,
Date of publication, distribution, etc. 1987.
300 ## - PHYSICAL DESCRIPTION
Extent 495 с. :
Other physical details [9] л. ил.
490 1# - SERIES STATEMENT
Series statement Литературные памятники / АН СССР
504 ## - BIBLIOGRAPHY, ETC. NOTE
Bibliography, etc. note Библиогр. в примеч.: с. 484-485
653 0# - INDEX TERM--UNCONTROLLED
Uncontrolled term Декабристы
653 0# - INDEX TERM--UNCONTROLLED
Uncontrolled term Революционное движение в России - 19 в. - Воспоминания и записки
653 0# - INDEX TERM--UNCONTROLLED
Uncontrolled term Тюрьма, каторга и ссылка в России - Сибирь - 19 в.
700 1# - ADDED ENTRY--PERSONAL NAME
Personal name Желвакова, И.А.
Relator term сост.
Relationship com
830 #0 - SERIES ADDED ENTRY--UNIFORM TITLE
Uniform title Литературные памятники (АН СССР)
Holdings
Withdrawn status Lost status Damaged status Not for loan Collection Home library Current library Date acquired Total checkouts Full call number Barcode Date last seen Price effective from Koha item type Public note
        General Fundamental Scientific Library Fundamental Scientific Library 28/12/2016   PII/574516 FL0100802 28/12/2016 28/12/2016 Գրքեր / Books 30 Days Loan
        General Fundamental Scientific Library Fundamental Scientific Library 28/12/2016   РII/588630 FL0062114 28/12/2016 28/12/2016 Գրքեր / Books 30 Days Loan


ՀՀ ԳԱԱ հիմնարար գիտական գրադարան
ՀՀ,Երևան 0019
Մարշալ Բաղրամյան 24/6
հեռախոս:(374-10) 52-47-50
Հետադարձ կապ

All site content, except where otherwise noted, is licensed under a
Creative Commons License